GUINNESS WORLD RECORDS 2015 / (Registro nro. 7287)
[ vista simple ]
| 000 -CABECERA | |
|---|---|
| Longitud fija campo de control | 01227nam a2200193 4500 |
| 003 - • IDENTIFICADOR DELl NÚMERO DE CONTROL | |
| Identificador del número de control | CO-ViMGA |
| 020 ## - • NÚMERO INTERNACIONAL NORMALIZADO PARA LIBROS | |
| Número Internacional Normalizado para Libros (ISBN) | 9788408131571 |
| 040 ## - FUENTE DE LA CATALOGACIÓN | |
| Centro catalogador de origen | CO-ViMGA |
| Lengua de catalogación | spa |
| Centro transcriptor | CO-ViMGA |
| 082 04 - • NÚMERO DE LA CLASIFICACIÓN DECIMAL DEWEY | |
| Número de clasificación (R) | R030 G845g |
| 245 10 - • TITULO PROPIAMENTE DICHO | |
| Título | GUINNESS WORLD RECORDS 2015 / |
| Mención de responsabilidad, etc. | Craig Glenday editor |
| 250 ## - • MENCIÓN DE EDICIÓN | |
| Mención de edición | Edicion especial 60 aniversario |
| 300 ## - • DESCRIPCIÓN FÍSICA | |
| Extensión | 255 p. : |
| Otras características físicas | il. fotos : 30 cm. |
| 504 ## - • NOTA DE BIBLIOGRAFÍA, ETC | |
| Nota de bibliografía, etc. | Incluye índice alfabético |
| 520 ## - • NOTA DE RESUMEN | |
| Resumen, etc, | Nuevos récords alucinantes cobran vida. Un excelente regalo para divertirse y aprender. Edición coleccionista especial aniversario para celebrar los 60 años del Libro Guinness de los Récords. Totalmente actualizado, con nuevo diseño de cubierta ¡y con más de 1.000 nuevas fotos! ? Descubre la sustancia más apestosa ? Refréscate con el explorador polar más joven ? Conoce a las mascotas más sorprendentes ? Aprende sobre el mayor robo de diamantes Este año, el libro incluye una sección con récords españoles y contenido adicional. Y además? Nueva app gratuita de realidad aumentada para ver cómo los récords emergen del libro en alucinante 3D. |
| 650 14 - • PUNTO DE ACCESO ADICIONAL DE MATERIA - TÉRMINO DE MATERIA | |
| Término de materia o nombre geográfico como elemento inicial | Curiosidades y maravillas |
| 650 14 - • PUNTO DE ACCESO ADICIONAL DE MATERIA - TÉRMINO DE MATERIA | |
| Término de materia o nombre geográfico como elemento inicial | Records mundiales |
| 942 ## - ENTRADA DE ELEMENTOS AGREGADOS (KOHA) | |
| Fuente de clasificaión o esquema | Dewey Decimal Classification |
| Koha [por defecto] tipo de item | Libro Referencia |
| Perdido | Fuente de clasificación o esquema | Estado Físico | No para préstamo | Forma de adquisición | Localización permanente | Localización actual | Fecha adquisición | Préstamos totales | Renovaciones totales | Signatura completa | Código de barras | Fecha última consulta | Fecha último préstamo | Número de copia | Fecha del precio de reemplazo | Tipo de item de Koha |
|---|---|---|---|---|---|---|---|---|---|---|---|---|---|---|---|---|
| Dewey Decimal Classification | Sala General Segundo Piso | Biblioteca Pública Germán Arciniegas - Villavicencio | Biblioteca Pública Germán Arciniegas - Villavicencio | 10/19/2016 | 4 | 1 | R030 G845g | 31314 | 05/30/2019 | 05/29/2019 | Ej. 1 | 10/19/2016 | Libro Referencia |